LDR 00905naa#a2200181#i#450# 001 RU\\bibl\120935 005 20260703023222.5 011 ## _a2227-1171 100 ## _a20260630b2026####ek#y0rusy0150####ca 102 ## _aRU 200 1# _aКОНСТИТУЦИОННЫЕ ТРАНСФОРМАЦИИ ПОЛИТИЧЕСКОЙ СИСТЕМЫ СССР В ПЕРИОД ПЕРЕСТРОЙКИ И РАСПАДА СОВЕТСКОГО СОЮЗА _eЖурнальная статья 210 1# _aКазань _cКазанский юридический институт МВД России _d2026 215 ## _a7 с. 608 ## _aЖурнальная статья _2local 675 ## _aГосударственная власть. Государственные органы. 342.5 _z 700 #1 _aБурмистрова _gЮлиана Юрьевна 700 #1 _aМикерин _gАндрей Александрович 856 4# _avestnikkui.ru _u